Score 0/14 Timer 01:30
0 Plays Today
Clue 4-Letter Word % Correct
'House', in HondurasCASA
87.2%
Singers Johnny or June CarterCASH
85%
Coke or Pepsi?COLA
80.6%
A large stringed instrumentBASS
78.6%
Spice Girl Emma BuntonBABY
78.1%
Big partyBASH
77.7%
Nickname for singer StreisandBABS
76.8%
Clue 4-Letter Word % Correct
'La ___ Nostra': The American MafiaCOSA
68.9%
Spice Girl Victoria BeckhamPOSH
65.2%
Friend of Piglet and EeyorePOOH
64.2%
Word paired with 'gene' or 'table'POOL
58.2%
SurveyPOLL
57.6%
Classic song by the KinksLOLA
48.7%
Idle or lounge aboutLOLL
40.7%

Today's Daily Dose

Missing Word
I Hardly Know Her!

Word Ladder
Sentence Ending

Quick Pick
Female Firsts

Get the Picture
Triathlon Sports

Remove Ads.
Support Sporcle.
Get the best of Sporcle when you Go Orange. This ad-free experience offers more features, more stats, and more fun while also helping to support Sporcle. Thank you for becoming a member.

You're not logged in!

Compare scores with friends on all Sporcle quizzes.
OR
Log In

Show Comments

Extras

Top Quizzes Today


Score Distribution

Your Account Isn't Verified!

In order to create a playlist on Sporcle, you need to verify the email address you used during registration. Go to your Sporcle Settings to finish the process.

Report this User

Report this user for behavior that violates our Community Guidelines.

Details: